• 首页
  • 本馆介绍
  • 公告通知
  • 最新文献
  • 馆藏检索
  • 电子资源
  • 读者导购
  • 参考咨询
  • 我的图书馆
  • 登录
  • 详细信息显示
  • 放入我的书架
  • 预约/预借图书
  • 作者相关作品
  • 分类相关作品
  • 丛书相关作品
  • 出版社相关作品

书目信息

  • 表格格式
  • 工作单格式
  • 卡片格式
题名:
刑法实务与案例评析
    
 
作者: 刘四新 主编
分册: 上  
出版信息: 北京   工商出版社  2002
页数: 465页
开本: 22cm
丛书名: 法律实务与案例评析丛书
单 册:
中图分类: D924.05
科图分类:
主题词: 刑法--基本知识--中国 , 刑法--案例--分析--中国
电子资源:
ISBN: 7-80012-766-4
000 00782nam2 2200241 45
001 0401272078
005 20040127203621.5
010    @a7-80012-766-4@dCNY58.00
100    @a20040127d2002 km y0chiy0120 ea
101 0  @achi
105    @a z 000yy
200 1  @a刑法实务与案例评析@AXing Fa Shi Wu Yu An Li Ping Xi@h上@f刘四新主编@FLiu Si Xin Zhu Bian
210    @a北京@c工商出版社@d2002
215    @a465页@d22cm
225    @a法律实务与案例评析丛书@h3
300    @a根据刑法修正案、解释案、最高人民法院、最高人民检察院等最新司法解释编撰
410    @12001 @a法律实务与案例评析丛书
606 0  @a刑法@x基本知识@y中国
606 0  @a刑法@x案例@x分析@y中国
690    @aD924.05@v4
701  0 @a刘四新@4主编
801    @aCN@bTSTCL@c20040127
905    @b332783-787@dD924.05@e180:1@f5
    
    刑法实务与案例评析.上/刘四新主编.-北京:工商出版社,2002
    465页;22cm.-(法律实务与案例评析丛书.3)
    根据刑法修正案、解释案、最高人民法院、最高人民检察院等最新司法解释编撰
    
    ISBN 7-80012-766-4:CNY58.00
    
●
相关链接 在E读中查询图书 在五车中查询图书 在当当中查询图书 在豆瓣中查询图书


正题名:刑法实务与案例评析     索取号:D924.05/180:1         预约/预借

序号 登录号 条形码 馆藏地/架位号 状态 备注
1 0332783   203327836   第一借阅区/ [索取号:D924.05/180:1] 在馆    
2 0332784   203327845   第一借阅区/ [索取号:D924.05/180:1] 在馆    
3 0332785   203327854   第一借阅区/ [索取号:D924.05/180:1] 在馆    
4 0332786   203327863   密集书库/ [索取号:D924.05/180:1] 在馆    
5 0332787   203327872   第一样本阅览室/ [索取号:D924.05/180:1] 在馆    
唐山师范学院图书馆 欢迎您!
大连网信软件有限公司© 版权所有